[Event "Cordoba op"]
[Site "Cordoba"]
[Date "1990.??.??"]
[Round "?"]
[White "Vladimirov, Evgeny"]
[Black "Eslon, Jaan"]
[Result "1-0"]
[WhiteElo "2565"]
[BlackElo "2360"]

1.d4 Nf6 2.c4 e6 3.Nf3 d5 4.g3 Be7 5.Bg2 O-O 6.O-O Nbd7 7.Qc2 c6 8.Nbd2 b6
9.e4 Bb7 10.e5 Ne8 11.b3 Nc7 12.Bb2 c5 13.Rfd1 Rc8 14.Nf1 Ba8 15.Qe2 Qe8
16.Ne3 dxc4 17.Nxc4 Nd5 18.Nd6 Bxd6 19.exd6 Qd8 20.Rac1 cxd4 21.Rxc8 Qxc8
22.Nxd4 Nc3 23.Bxc3 Bxg2 24.Kxg2 Qxc3 25.Qb5 Qc8 26.Nc6 Qb7 27.Kg1 a6 28.Ne7+ Kh8
29.Qe2 Nf6 30.Rc1 Qd7 31.Qe5 Ng4 32.Qd4 e5 33.Qd5 f5 34.Rc7 Qe8 35.Rc8 Qxc8
36.Nxc8 Rxc8 37.d7 Rd8 38.Qd6 Nf6 39.Qc7  1-0

[Event "Dieren op"]
[Site "Dieren"]
[Date "1990.??.??"]
[Round "8"]
[White "Vanheste, Jeroen"]
[Black "Dorenberg, Gaston"]
[Result "1-0"]
[WhiteElo "2370"]
[BlackElo "2225"]

1.d4 Nf6 2.c4 e6 3.g3 d5 4.Bg2 Be7 5.Nf3 O-O 6.O-O c6 7.Nc3 b6 8.Ne5 Bb7
9.e4 dxe4 10.Nxe4 Nfd7 11.Qh5 Nxe5 12.dxe5 Nd7 13.Rd1 Qc7 14.Bf4 Qc8 15.Rd3 Re8
16.Rad1 Nf8 17.Bg5 c5 18.Bxe7 Bxe4 19.Bxe4 Rxe7 20.Bxa8 Qxa8 21.Qf3 Qxf3
22.Rxf3 g5 23.Rfd3 Ng6 24.Re1 Kg7 25.Kg2 f6 26.exf6+ Kxf6 27.Rde3 e5 28.Rd1 g4
29.f3 h5 30.Rd6+ Kf5 31.Kf2 Nf8 32.f4 Ng6 33.fxe5 Nxe5 34.Rd5 Kf6 35.b3 Re8
36.Re4 Kf5 37.Ke3 Re6 38.Rf4+ Kg6 39.Re4 Kf5 40.a3 a5 41.b4 axb4 42.axb4 Kf6
43.bxc5 Nxc4+ 44.Kd4 Rxe4+ 45.Kxe4 bxc5 46.Rxc5 Nd2+ 47.Kf4 Kg6 48.Rc6+ Kg7
49.Kg5 Nf3+ 50.Kxh5 Nxh2 51.Rc2 Nf1 52.Rc7+  1-0

[Event "Dornbirn op"]
[Site "Dornbirn"]
[Date "1990.??.??"]
[Round "?"]
[White "Ballon, Guenther Jan"]
[Black "Donev, Ivo Hristov"]
[Result "0-1"]
[WhiteElo "2285"]
[BlackElo "2385"]

1.d4 d5 2.c4 e6 3.Nf3 Be7 4.g3 Nf6 5.Bg2 O-O 6.O-O dxc4 7.Qa4 a6 8.Qxc4 b5
9.Qc2 Bb7 10.Bd2 Nc6 11.e3 Nb4 12.Bxb4 Bxb4 13.Nbd2 c5 14.dxc5 Rc8 15.Rfd1 Rxc5
16.Qb3 Bxd2 17.Rxd2 Qa8 18.Qd1 Rfc8 19.h4 h6 20.a3 Ne4 21.Rd4 Rf5 22.g4 Rf6
23.Rc1 Rf8 24.Rc2 Ng5 25.Nxg5 Bxg2 26.f4 Bd5 27.f5 Bb3 28.Ne4 Bxc2 29.Nxf6+ gxf6
30.Qxc2 e5 31.Rb4 Rc8 32.Qg2 Rc1+ 33.Kh2 Qc8 34.Kg3 Qc5 35.Qf3 Qc2 36.g5 Rg1+
37.Kh3 fxg5 38.hxg5 Rxg5 39.Rg4 Kg7 40.f6+ Kg6 41.e4 Qc8 42.Kh4 Rxg4+ 43.Qxg4+ Qxg4+
44.Kxg4  0-1

[Event "ESP-chT"]
[Site "?"]
[Date "1990.??.??"]
[Round "?"]
[White "Morovic Fernandez, Ivan"]
[Black "Rodriguez Vargas, Orestes"]
[Result "1-0"]
[WhiteElo "2535"]
[BlackElo "2500"]

1.d4 Nf6 2.c4 e6 3.g3 d5 4.Nf3 Be7 5.Bg2 O-O 6.O-O dxc4 7.Qc2 a6 8.a4 b6
9.Ne5 Nd5 10.Qxc4 Bb7 11.Nc3 c6 12.Rd1 b5 13.Qb3 Nd7 14.axb5 axb5 15.Rxa8 Bxa8
16.Nxd5 exd5 17.Nd3 Qb6 18.e3 Bb7 19.Bd2 Ra8 20.Bb4 Bf6 21.Bh3 Qd8 22.Rc1 Nb6
23.Qc2 Nc4 24.b3 Nd6 25.Bxd6 Qxd6 26.Nc5 Bc8 27.Bxc8 Rxc8 28.Qf5 Rc7 29.Na6 Rd7
30.Rc5 Rd8 31.Nb4 g6 32.Qf3 Kg7 33.Rxc6  1-0

[Event "Forli op"]
[Site "Forli"]
[Date "1990.??.??"]
[Round "6"]
[White "Hug, Werner"]
[Black "Testa, Armando"]
[Result "1-0"]
[WhiteElo "2445"]
[BlackElo "2220"]

1.d4 d5 2.c4 e6 3.g3 Nf6 4.Bg2 Be7 5.Nf3 O-O 6.O-O Nbd7 7.Qc2 c6 8.Rd1 Ne4
9.Ne5 f5 10.f3 Nd6 11.c5 Nf7 12.Nd3 Bf6 13.Be3 e5 14.dxe5 Nfxe5 15.Nd2 Qe7
16.Bf2 Re8 17.Re1 g6 18.Rac1 Qg7 19.Nf4 Nf8 20.e4 fxe4 21.fxe4 Ng4 22.exd5 Bd4
23.Rxe8 Bxf2+ 24.Kh1 Bf5 25.Rxa8 Bxc2 26.Ne6 Bxc5 27.Nxg7 Nf2+ 28.Kg1 Nd3+
29.Kf1 Nxc1 30.Ne6 Bd6 31.Nxf8 Bxf8 32.dxc6 bxc6 33.Bxc6 Nd3 34.Bd5+ Kg7
35.Rxa7+ Kf6 36.Bf7  1-0

[Event "Bundesliga 8990"]
[Site "Germany"]
[Date "1990.??.??"]
[Round "?"]
[White "Schlemmermeyer, Wilhelm"]
[Black "Bayer, Ernst Wolfgang"]
[Result "1-0"]
[WhiteElo "2390"]
[BlackElo "2355"]

1.d4 d5 2.c4 e6 3.Nf3 Nf6 4.g3 Be7 5.Bg2 O-O 6.O-O dxc4 7.Qc2 a6 8.Qxc4 b5
9.Qc2 Bb7 10.Bf4 Nc6 11.Rd1 Nb4 12.Qc1 Qc8 13.Bg5 Rd8 14.Nbd2 c5 15.a3 Nbd5
16.e4 Nb6 17.e5 Nfd5 18.Bxe7 Nxe7 19.dxc5 Na4 20.b4 a5 21.Qc2 h6 22.Rab1 Bd5
23.Rdc1 axb4 24.axb4 Qb7 25.Re1 Rac8 26.Re3 Rd7 27.Rc1 Nc6 28.Qb1 Qc7 29.Ne4 Bxe4
30.Qxe4 Qd8 31.Bf1 Nd4 32.Rd3 Nxf3+ 33.Qxf3 Nb2 34.Rd6 Rb8 35.Qb3 Rxd6 36.exd6 Na4
37.Rd1 Qd7 38.Bg2 Rc8 39.c6 Qa7 40.c7  1-0

[Event "Bundesliga 8990"]
[Site "Germany"]
[Date "1990.??.??"]
[Round "?"]
[White "Podzielny, Karl Heinz"]
[Black "Koepf, Ulrich"]
[Result "1/2-1/2"]
[WhiteElo "2430"]
[BlackElo "2260"]

1.d4 Nf6 2.Nf3 e6 3.g3 d5 4.Bg2 Be7 5.c4 c6 6.Qc2 O-O 7.O-O Nbd7 8.b3 b6
9.Nc3 Ba6 10.Nd2 Rc8 11.Bb2 b5 12.e4 bxc4 13.bxc4 Nb6 14.e5 Ne8 15.c5 Bxf1
16.Bxf1 Nd7 17.Bd3 g6 18.Qa4 f6 19.exf6 Bxf6 20.f4 g5 21.Rf1 Ng7 22.fxg5 Bxg5
23.Nf3 e5 24.Nxe5 Rxf1+ 25.Bxf1 Nxe5 26.dxe5 Qf8 27.Kg2 Qxc5 28.Ne2 Qe3 29.Bc1 Qxe5
30.Qg4 Qf5 31.Qxf5 Nxf5 32.Bxg5 Rb8 33.g4 Ng7 34.a3 Rb3 35.Nd4 Rxa3 36.Nxc6 Ne6
37.Be7 Ra2+ 38.Kg3 Kf7 39.Bd6 a5 40.Ne5+ Kf6 41.Nd7+ Kf7 42.Bd3 Ng5 43.Nc5 Ra3
44.Kf4 Ne6+ 45.Ke3 Nxc5 46.Bxc5 Ra2 47.h4 Rh2 48.h5 h6 49.Kd4 Kf6 50.Bb5 Rg2
51.Bd7 Kg5  1/2-1/2

[Event "NRW-Liga I 8990"]
[Site "Germany"]
[Date "1990.??.??"]
[Round "?"]
[White "Gawehns, Klaus"]
[Black "Heil, Siegfried"]
[Result "1-0"]
[WhiteElo "2325"]
[BlackElo "2370"]

1.d4 e6 2.c4 Nf6 3.g3 d5 4.Bg2 Be7 5.Nf3 O-O 6.O-O dxc4 7.Qc2 a6 8.a4 c5
9.dxc5 Nc6 10.Nbd2 Bxc5 11.Nxc4 Qe7 12.Nce5 Nb4 13.Qb3 b6 14.Bg5 Bb7 15.Ne1 Bxg2
16.Nxg2 h6 17.Bxf6 gxf6 18.Nf3 Rfd8 19.Rad1 Qb7 20.Qc4 Kh7 21.Qh4 Be7 22.Ne3 f5
23.Qh5 Bf6 24.Nxf5 exf5 25.Qxf5+ Kg7 26.Qg4+ Kh8 27.Qxb4 Re8 28.Rd6 Bg7 29.Rxb6 Qd5
30.Rd6 Qf5 31.Qd2 Rab8 32.b4 Qe4 33.Rxa6 Rxb4 34.Rxh6+ Bxh6 35.Qxh6+ Kg8
36.Qg5+ Qg6 37.Qxg6+ fxg6 38.e3 Rxa4 39.h4 Ra2 40.Ng5 Kg7 41.Rb1 Re7 42.Rb3 Rc2
43.Kg2 Re8 44.Rb7+ Kg8 45.Rb6 Rxe3 46.Rxg6+ Kh8 47.Rf6 Re7 48.Rf4 Kg7 49.g4 Kg6
50.Rf5 Rc4 51.f3 Rc1 52.h5+ Kh6 53.Kg3 Kg7 54.Ne4 Rh1 55.Kf4 Kh6 56.Rf6+ Kg7
57.Rg6+ Kf8 58.Ng3 Rh3 59.Nf5 Ra7 60.Rf6+ Kg8 61.Kg5 Kh7 62.f4 Rd3 63.Rh6+ Kg8
64.Rd6 Rxd6 65.Nxd6 Kh7 66.Ne4 Rg7+ 67.Kf5 Kh6 68.Nf6 Ra7 69.g5+ Kg7 70.h6+ Kh8
71.Ng4 Ra5+ 72.Kg6 Ra6+ 73.Kh5 Ra5 74.Ne5 Ra4 75.g6 Ra5 76.Kg4  1-0

[Event "NRW-Liga I 8990"]
[Site "Germany"]
[Date "1990.??.??"]
[Round "?"]
[White "Sandkamp, Ralph"]
[Black "Schwarzkopf, Christian"]
[Result "1/2-1/2"]
[WhiteElo "2220"]
[BlackElo "2265"]

1.Nf3 Nf6 2.c4 e6 3.g3 d5 4.d4 Be7 5.Bg2 O-O 6.O-O dxc4 7.Qc2 a6 8.Qxc4 b5
9.Qc2 Bb7 10.Bg5 Nbd7 11.Rd1 Rc8 12.Nc3 h6 13.Bxf6 Nxf6 14.Ne5 Bxg2 15.Kxg2 c5
16.dxc5 Qc7 17.Nf3 Bxc5 18.Ne4 Be7 19.Qxc7 Rxc7 20.Nxf6+ Bxf6 21.Rd2 Rfc8
22.Rad1 Kf8  1/2-1/2

[Event "BL2-S8990"]
[Site "Germany"]
[Date "1990.??.??"]
[Round "?"]
[White "Pribyl, Josef"]
[Black "Tischer, Guenter"]
[Result "1/2-1/2"]
[WhiteElo "2440"]
[BlackElo "2335"]

1.d4 Nf6 2.Nf3 e6 3.g3 d5 4.c4 Be7 5.Bg2 O-O 6.O-O dxc4 7.Qa4 a6 8.Qxc4 b5
9.Qc2 Bb7 10.Bf4 Nc6 11.Rd1 Nb4 12.Qc1 Rc8 13.Nc3 Nbd5 14.Nxd5 Bxd5 15.Be3  1/2-1/2

[Event "BL2-W8990"]
[Site "Germany"]
[Date "1990.??.??"]
[Round "?"]
[White "Pieper Emden, Carsten"]
[Black "Blaskowski, Johannes"]
[Result "1/2-1/2"]
[WhiteElo "2390"]
[BlackElo "2290"]

1.d4 Nf6 2.c4 e6 3.g3 d5 4.Nf3 Be7 5.Bg2 O-O 6.O-O dxc4 7.Qc2 a6 8.Qxc4 b5
9.Qc2 Bb7 10.Bd2 Nc6 11.e3 Qb8 12.Rc1 Rc8 13.Ne1 Nd8 14.Nd3 Nd7 15.Bxb7 Qxb7
16.Nc3 c5 17.dxc5 Nxc5 18.Nxc5 Rxc5 19.Qe4 Rac8 20.Qxb7 Nxb7 21.Kf1  1/2-1/2

[Event "Groningen op"]
[Site "Groningen"]
[Date "1990.??.??"]
[Round "2"]
[White "Fishbein, Alexander"]
[Black "Hansen, Curt"]
[Result "0-1"]
[WhiteElo "2470"]
[BlackElo "2560"]

1.d4 Nf6 2.c4 e6 3.g3 d5 4.Bg2 Be7 5.Nf3 O-O 6.O-O c6 7.Qc2 b6 8.Nbd2 Bb7
9.b3 Na6 10.Bb2 Rc8 11.Rad1 Qc7 12.Rfe1 c5 13.Qb1 dxc4 14.Nxc4 Be4 15.Qa1 Nb4
16.Ne3 Nfd5 17.Nxd5 exd5 18.Rc1 c4 19.bxc4 dxc4 20.d5 f6 21.Bh3 Nc2 22.Rxc2 Bxc2
23.Nd4 Be4 24.Be6+ Kh8 25.Nc6 Bc5 26.Rd1 Rce8 27.Nd4 Qb7 28.Nf3 Rd8 29.Qc1 Bxd5  0-1

[Event "HUN-chop"]
[Site "Gyor"]
[Date "1990.??.??"]
[Round "2"]
[White "Romanishin, Oleg M"]
[Black "Holzmann, Herbert"]
[Result "1-0"]
[WhiteElo "2335"]
[BlackElo "2345"]

1.d4 Nf6 2.Nf3 d5 3.c4 e6 4.g3 Be7 5.Bg2 O-O 6.O-O c5 7.dxc5 Bxc5 8.a3 dxc4
9.Qc2 a6 10.b4 Ba7 11.Bb2 Nbd7 12.Nfd2 Nb6 13.Nxc4 Qc7 14.Nbd2 Bd7 15.Be5 Qc8
16.Rac1 Nxc4 17.Nxc4 Nd5 18.Qb2 f6 19.Bd6 Rf7 20.Ne5 Qe8 21.Nxf7 Qxf7 22.e4 Nb6
23.e5 Nd5 24.exf6 Qxf6 25.Qxf6 gxf6 26.Bxd5 exd5 27.Rc7 Bc6 28.Re1 Bb6 29.Rce7 Bd8
30.R7e6 Kf7 31.Be7 Bxe7 32.Rxe7+ Kg6 33.Rd1 h5 34.f4 Rh8 35.Kf2 Kf5 36.Rd4 Kg6
37.h3 f5 38.Rd1 Rd8 39.Rde1 Rd6 40.R1e6+ Rxe6 41.Rxe6+  1-0

[Event "HUN-chop"]
[Site "Gyor"]
[Date "1990.??.??"]
[Round "8"]
[White "Kustar, Sandor"]
[Black "Horvath, Gyula"]
[Result "0-1"]
[WhiteElo "2250"]
[BlackElo "2425"]

1.Nf3 Nf6 2.c4 e6 3.g3 d5 4.d4 Be7 5.Bg2 O-O 6.Qc2 Na6 7.O-O c5 8.Rd1 b6
9.Nc3 Bb7 10.Bg5 Rc8 11.Rac1 cxd4 12.Nxd4 Rxc4 13.Qb1 Qa8 14.Bf4 Rd8 15.Bf3 Rcc8
16.a3 Nc5 17.b4 Ncd7 18.Ncb5 Rxc1 19.Rxc1 Ne8 20.Nc7 Nxc7 21.Rxc7 Bf6 22.Nb5 Ne5
23.Bg2 a6 24.Nd4 Nc4 25.Nf3 Nxa3 26.Qd3 Nb5 27.Rc2 d4  0-1

[Event "HUN-chop"]
[Site "Gyor"]
[Date "1990.??.??"]
[Round "11"]
[White "Panchenko, Alexandar G"]
[Black "Nikolaev, Sergej"]
[Result "1/2-1/2"]
[WhiteElo "2375"]
[BlackElo "2400"]

1.Nf3 d5 2.d4 Nf6 3.c4 e6 4.g3 Be7 5.Bg2 O-O 6.O-O dxc4 7.Qc2 a6 8.a4 Bd7
9.Qxc4 Bc6 10.Bg5 a5 11.Nc3 Na6 12.Rae1 Bd5 13.Qd3 Nb4 14.Qb1 c6 15.Rd1 Qb6
16.Ne5 Bxg2 17.Kxg2 Rfd8 18.e3 c5 19.dxc5 Qxc5 20.Nf3 Qc6 21.e4 h6 22.Be3 Ng4
23.Bd4 Bf6 24.Bxf6 Nxf6 25.h3 Qc4 26.Rd2  1/2-1/2

[Event "Hamburg IMT"]
[Site "Hamburg"]
[Date "1990.??.??"]
[Round "5"]
[White "Schlemmermeyer, Wilhelm"]
[Black "Holzke, Frank"]
[Result "0-1"]
[WhiteElo "2390"]
[BlackElo "2395"]

1.d4 e6 2.c4 d5 3.Nf3 Nf6 4.g3 Be7 5.Bg2 O-O 6.O-O Nbd7 7.Qc2 c6 8.Nbd2 b6
9.b3 Bb7 10.Bb2 Rc8 11.e4 c5 12.exd5 exd5 13.dxc5 dxc4 14.Nxc4 Be4 15.Qe2 Bxc5
16.Bh3 Re8 17.Ne3 Bxe3 18.Bxf6 Nxf6 19.Rad1 Bd5 20.fxe3 Rc3 21.Qd2 Rcxe3
22.Nh4 Re2 23.Qd4 R8e4 24.Qc3 R4e3 25.Qd4 Re4 26.Qc3 R2e3 27.Qd2 Rxh4 28.Qxe3 Rxh3
29.Rf5 h6 30.Re5 Kh7 31.Rdxd5 Nxd5 32.Qd3+ g6 33.Rxd5 Qf6 34.Rd7 Rh5 35.Rxa7 Rc5
36.Qf1 Rf5 37.Qe2 b5 38.Rd7 Qb6+ 39.Kh1 Qc6+  0-1

[Event "Hamburg IMT"]
[Site "Hamburg"]
[Date "1990.??.??"]
[Round "10"]
[White "Hausner, Ivan"]
[Black "Tompa, Janos"]
[Result "1/2-1/2"]
[WhiteElo "2440"]
[BlackElo "2420"]

1.d4 Nf6 2.c4 e6 3.g3 d5 4.Bg2 Be7 5.Nf3 O-O 6.O-O b6 7.cxd5 exd5 8.Nc3 Bb7
9.Qc2 Na6 10.Rd1 Re8 11.Bg5 Ne4 12.Bf4 Nb4 13.Qb3 Nxc3 14.Qxc3 c5 15.a3 Nc6
16.dxc5 bxc5 17.Qb3 Na5 18.Qc2 Qb6 19.b4 cxb4 20.axb4 Nc4 21.Ng5 Bxg5 22.Bxg5 Qe6
23.Ra2 Rac8 24.Qd3 h6 25.Bf4 Qb6 26.h4 a6 27.Qf5 Qe6 28.Qh5 Rcd8 29.e3 Qb6
30.Qf5 d4 31.exd4 Bxg2 32.Kxg2 Qxb4 33.d5 Qb3 34.Qc2 Qb5 35.Rd4 Ne5 36.Qd2 Ng6
37.Bc7 Rd7 38.Ba5 Qb7 39.Bb4 Re5 40.Ra5 Ne7 41.Bxe7 Rexe7 42.Kh2 Rd6 43.Rc5 Rc7
44.Rb4 Qa7 45.Rxc7 Qxc7  1/2-1/2

[Event "Capablanca mem-A"]
[Site "Havana"]
[Date "1990.??.??"]
[Round "?"]
[White "Borges Mateos, Juan"]
[Black "Herrera, Irisberto"]
[Result "1-0"]
[WhiteElo "2500"]
[BlackElo "2410"]

1.d4 Nf6 2.c4 e6 3.g3 d5 4.Bg2 Be7 5.Nf3 O-O 6.O-O dxc4 7.Nbd2 c5 8.Nxc4 Nc6
9.dxc5 Qxd1 10.Rxd1 Bxc5 11.Nfe5 Nb4 12.a3 Nbd5 13.b4 Be7 14.Bb2 Re8 15.Rac1 Rb8
16.Bd4 Ra8 17.e4 Nc7 18.Be3 Na6 19.Nd6 Bxd6 20.Rxd6 Nb8 21.Rc7 Rf8 22.Bc5 Re8
23.b5 a6 24.b6 a5 25.Rxf7 Ng4 26.Re7  1-0

[Event "Balkaniad"]
[Site "Kavala"]
[Date "1990.??.??"]
[Round "2"]
[White "Aleksieva, Silvia"]
[Black "Botsari Miladinovic, Anna Maria"]
[Result "0-1"]
[WhiteElo "2040"]
[BlackElo "2205"]

1.d4 Nf6 2.c4 e6 3.g3 d5 4.Bg2 Be7 5.Nf3 O-O 6.O-O dxc4 7.Qc2 a6 8.a4 Bd7
9.Qxc4 Bc6 10.Bg5 Bd5 11.Qd3 c5 12.dxc5 Qa5 13.Nc3 Bc6 14.Qc4 Qxc5 15.Qxc5 Bxc5
16.Bxf6 gxf6 17.Rfd1 Nd7 18.Nd4 Bxg2 19.Kxg2 Rfd8 20.Nb3 Be7 21.Ne4 f5 22.Nd6 Rab8
23.Na5 Nc5 24.Ndc4 Bf6 25.Rxd8+ Rxd8 26.Ra3 b5 27.axb5 axb5 28.Nc6 Rd5 29.Ra8+ Kg7
30.Ne3 Rd6 31.Na7 Rd2 32.Nxb5 Rxb2 33.Nd6 Rxe2 34.Kf1 Rb2 35.Ra7 Nd3 36.f4 Kg6
37.Ra3 Nc5 38.Ng2 Bd4 39.Nh4+ Kf6 40.Ra7 Rf2+ 41.Ke1 Nd3+ 42.Kd1 Bxa7  0-1

[Event "Kecskemet op"]
[Site "Kecskemet"]
[Date "1990.??.??"]
[Round "?"]
[White "Ruf, Matthias"]
[Black "Kovacs, Laszlo M"]
[Result "1-0"]
[WhiteElo "2295"]
[BlackElo "2365"]

1.d4 d5 2.c4 e6 3.Nf3 Nf6 4.g3 Be7 5.Bg2 O-O 6.O-O dxc4 7.Qc2 c5 8.Qxc4 cxd4
9.Nxd4 a6 10.Nc3 Nbd7 11.Rd1 Qb6 12.a3 Qc5 13.Qxc5 Bxc5 14.Nb3 Ba7 15.Na5 Rb8
16.h3 Re8 17.b4 Bb6 18.Nc4 Bc7 19.Nd6 Rd8 20.Be3 b6 21.Rac1 Bxd6 22.Rxd6 Kf8
23.Rcd1 Ke7 24.R6d2 h6 25.Bf4 Bb7 26.Bxb8 Rxb8 27.Bxb7 Rxb7 28.Rc1 Ne5 29.Nd1 Nd5
30.f4 Nd7 31.Kf2 N7f6 32.Kf3 Nd7 33.e4 N5f6 34.Ne3 a5 35.Rc8 Ne8 36.Nc4 axb4
37.Rxe8+ Kxe8 38.Nd6+  1-0

[Event "JUG-sf"]
[Site "Kladovo"]
[Date "1990.??.??"]
[Round "11"]
[White "Paunovic, Dragan"]
[Black "Cvetkovic, Srdjan"]
[Result "1/2-1/2"]
[WhiteElo "2450"]
[BlackElo "2435"]

1.Nf3 d5 2.c4 e6 3.d4 Nf6 4.g3 Be7 5.Bg2 O-O 6.O-O dxc4 7.Nc3 Nc6 8.e3 Rb8
9.Qa4 Nb4 10.Qxa7 Bd7 11.Ne5 Nbd5  1/2-1/2

[Event "JUG-sf"]
[Site "Kladovo"]
[Date "1990.??.??"]
[Round "11"]
[White "Bogdanovski, Vlatko"]
[Black "Truta, Srecko"]
[Result "1-0"]
[WhiteElo "2410"]
[BlackElo "2255"]

1.d4 d5 2.c4 e6 3.Nf3 Nf6 4.g3 Be7 5.Bg2 O-O 6.O-O Nbd7 7.Qc2 c6 8.Rd1 Ne4
9.Nc3 f5 10.Nxe4 fxe4 11.Ne1 Qb6 12.Be3 Nf6 13.c5 Qd8 14.f3 exf3 15.exf3 Bd7
16.Nd3 Be8 17.Bh3 Bf7 18.Ne5 Qe8 19.Re1 Kh8 20.Bf4 Bg8 21.Qe2 Qh5 22.Kg2 g5
23.Bd2 Rae8 24.Qe3 Kg7 25.Qxg5+ Qxg5 26.Bxg5 h6 27.Bd2 Bd8 28.Nd3 Nh7 29.Bf4 Ng5
30.Be5+ Bf6 31.Bg4 Bh7 32.Nf4 Bxe5 33.Rxe5 Bf5 34.h4 Nf7 35.Nxe6+ Bxe6 36.Rxe6 h5
37.Bh3 Rxe6 38.Bxe6 Re8 39.Bxf7 Kxf7 40.Kf2  1-0

[Event "JUG-sf"]
[Site "Kladovo"]
[Date "1990.??.??"]
[Round "12"]
[White "Truta, Srecko"]
[Black "Popov, Sinisa"]
[Result "0-1"]
[WhiteElo "2255"]
[BlackElo "2290"]

1.d4 d5 2.Nf3 Nf6 3.c4 e6 4.g3 Be7 5.Bg2 O-O 6.O-O dxc4 7.Ne5 c5 8.dxc5 Bxc5
9.Qxd8 Rxd8 10.Nc3 Na6 11.Nxc4 Nb4 12.Bf4 Nfd5 13.Rfd1 Bd7 14.Nxd5 exd5 15.Ne5 Be6
16.a3 Na6 17.b4 Be7 18.Rac1 Bf6 19.b5 Nb8 20.Rc7 g5 21.Rxb7 gxf4 22.gxf4 Bxe5
23.fxe5 Nd7 24.f4 Nb6 25.Kf2 Rdb8 26.Rc7 Rc8 27.Rdc1 Nc4 28.R7xc4 dxc4 29.Bxa8 Rxa8
30.e4 Rc8 31.f5 Bd7 32.a4 a6 33.b6 a5 34.Ke3 Rb8 35.Rxc4 Rxb6 36.Kd4 Rc6
37.Rc5 Rxc5 38.Kxc5 Bxa4 39.Kb6 Bc2 40.Kxa5 Bxe4 41.f6 Kf8 42.Kb6 Ke8 43.Kc7 Bf5
44.h4 Be6 45.Kd6 Kd8 46.Kc6 Bf5 47.Kd6 Bd7 48.Kd5 Kc7 49.Kc5 Be6 50.Kb5 Kd7
51.Kc5 Bh3  0-1

[Event "POL-ch Girls U20"]
[Site "Konin"]
[Date "1990.??.??"]
[Round "2"]
[White "Pondo, A."]
[Black "Bukowska, Katarzyna"]
[Result "0-1"]
[WhiteElo "1975"]
[BlackElo "2005"]

1.d4 d5 2.c4 e6 3.Nf3 Nf6 4.g3 Be7 5.Bg2 O-O 6.O-O b6 7.Qc2 Bb7 8.Ne5 Nbd7
9.cxd5 Nxe5 10.dxe5 Nxd5 11.Qe4 Rb8 12.Qg4 Kh8 13.a3 c5 14.e4 Nc7 15.Rd1 Qe8
16.Nc3 Qc6 17.Be3 Rfd8 18.Qh5 Qe8 19.Bg5 Bxg5 20.Qxg5 h6 21.Qf4 Kg8 22.Rd6 Qe7
23.Rad1 Ne8 24.R6d2 a6 25.Na4 Qc7 26.b3 Rbc8 27.Nb2 b5 28.Rxd8 Rxd8 29.Rxd8 Qxd8
30.Qe3 Qc7 31.Qc3 f6 32.f4 fxe5 33.fxe5 a5 34.Bh3 Qb6 35.Qe3 Qc6 36.a4 Nc7
37.axb5 Qxb5 38.Bf1 Qc6 39.Na4 Qxe4 40.Qxe4 Bxe4 41.Nxc5 Bd5 42.Kf2 Kf7 43.Ke3 Na8
44.Kd4 Nb6 45.Kc3 Ke7 46.Bb5 Kd8 47.Kd3 Ke7 48.Kd4 Kd8 49.Kc3 Ke7 50.Nd3 Be4
51.Nf4 Bd5 52.Nxd5+ Nxd5+ 53.Kd4 g5 54.Bc4 Nb4 55.Kc5 Nc2 56.Kb6 Nb4 57.Kxa5 Nc6+
58.Kb6 Nxe5 59.Be2 Kd6 60.h3 Nc6 61.Bc4 e5 62.Bd3 Nb4 63.Be4 Nd5+ 64.Ka5 Nc3
65.Bg2 e4 66.Kb4 Nd5+ 67.Kc4 Ke5 68.Bh1 h5 69.h4 g4 70.b4 Nxb4 71.Kxb4 Kd4
72.Bg2 Kd3 73.Bf1+ Kd2 74.Kc4 e3 75.Kd4 e2 76.Bxe2 Kxe2 77.Ke4 Kf2 78.Kf4 Kg2
79.Kg5 Kxg3 80.Kxh5 Kh3  0-1

[Event "POL-ch Girls U20"]
[Site "Konin"]
[Date "1990.??.??"]
[Round "6"]
[White "Lewandowska, Katarzyna"]
[Black "Smiechowska, Joanna"]
[Result "1-0"]
[WhiteElo "2085"]
[BlackElo "2145"]

1.d4 Nf6 2.c4 e6 3.g3 d5 4.Bg2 Be7 5.Nf3 c5 6.O-O O-O 7.dxc5 dxc4 8.Ne5 Qc7
9.c6 b5 10.a4 Ba6 11.Bf4 Nh5 12.Ng6 Nxf4 13.Nxe7+ Qxe7 14.gxf4 Qc7 15.Na3 b4
16.Nb5 Qb6 17.Qd6 Rd8 18.a5 Rxd6 19.axb6 Rxc6 20.Bxc6 Nxc6 21.Rxa6  1-0

[Event "POL-ch Girls U20"]
[Site "Konin"]
[Date "1990.??.??"]
[Round "9"]
[White "Smiechowska, Joanna"]
[Black "Henc, Renata"]
[Result "1/2-1/2"]
[WhiteElo "2145"]
[BlackElo "1900"]

1.c4 Nf6 2.Nf3 e6 3.g3 d5 4.d4 Be7 5.Bg2 O-O 6.Nbd2 Nbd7 7.O-O c5 8.b3 b6
9.Bb2 Bb7 10.Rc1 Rc8 11.Rc2 dxc4 12.Nxc4 Be4 13.Rd2 b5 14.dxc5 bxc4 15.Bxf6 Bxf6
16.Rxd7 Qa5 17.Nd2 Bxg2 18.Nxc4 Qxa2 19.Kxg2 Rxc5 20.e4 Bc3 21.Nd6 Bf6 22.Nc4 Bc3
23.Rd8 Rc8 24.Rxc8 Rxc8 25.Qd7 Rf8 26.Qb7 Bd4 27.Nd6 Bb6 28.Nc8 Qxb3 29.Nxa7 Qb2
30.Nc6 Bd4 31.Qc7 Bc5 32.Ne7+ Bxe7 33.Qxe7 g6 34.Rd1 Qe5 35.Qb4 Rb8  1/2-1/2

[Event "Kuala Lumpur zt"]
[Site "Kuala Lumpur"]
[Date "1990.??.??"]
[Round "?"]
[White "Carless, David"]
[Black "Garbett, Paul Anthony"]
[Result "1-0"]
[WhiteElo "2270"]
[BlackElo "2295"]

1.d4 Nf6 2.c4 e6 3.g3 d5 4.Nf3 Be7 5.Bg2 O-O 6.O-O c6 7.Nbd2 b6 8.Qc2 Bb7
9.b3 Nbd7 10.Bb2 Rc8 11.e4 dxe4 12.Nxe4 Qc7 13.Nxf6+ Bxf6 14.b4 Rb8 15.Rfe1 Rfc8
16.h4 h6 17.Rad1 a5 18.a3 Ra8 19.g4 axb4 20.axb4 c5 21.g5 Qf4 22.gxf6 Bxf3
23.Bxf3 Qxf3 24.Re3 Qh5 25.dxc5 Nxf6 26.Bxf6 gxf6 27.Rg3+ Kh8 28.cxb6 Rxc4
29.b7 Rf8 30.Qxc4 Qxd1+ 31.Kh2 Rd8 32.b8=Q Rxb8 33.Qf4  1-0

[Event "Kuala Lumpur zt"]
[Site "Kuala Lumpur"]
[Date "1990.??.??"]
[Round "?"]
[White "Adianto, Utut"]
[Black "Handoko, Edhi"]
[Result "1/2-1/2"]
[WhiteElo "2525"]
[BlackElo "2370"]

1.d4 d5 2.c4 e6 3.Nf3 Be7 4.g3 Nf6 5.Bg2 O-O 6.O-O c6 7.Qc2 Nbd7 8.Nbd2 Re8
9.e4 dxe4 10.Nxe4 Nxe4 11.Qxe4 c5 12.dxc5 Nxc5 13.Qc2 Qd3 14.Qxd3 Nxd3 15.Rd1 Nxc1
16.Raxc1  1/2-1/2

[Event "Leningrad op"]
[Site "Leningrad"]
[Date "1990.??.??"]
[Round "?"]
[White "Bistrikova, Elena V"]
[Black "Burmakin, Vladimir"]
[Result "1/2-1/2"]
[WhiteElo "2215"]
[BlackElo "2345"]

1.d4 Nf6 2.c4 e6 3.g3 d5 4.Bg2 Be7 5.Nf3 O-O 6.O-O b6 7.Qc2 Bb7 8.Nbd2 Nbd7
9.Ne5 c5 10.cxd5 Nxe5 11.dxe5 Nxd5 12.Qe4 Qc7 13.Nf3 Nb4 14.Qg4 Rfd8 15.Bf4 Rac8
16.h4 Be4 17.Nd2 Bxg2 18.Kxg2 Qc6+ 19.f3 Nd5 20.Ne4 f5 21.exf6 Nxf6 22.Nxf6+ Bxf6
23.Bg5 Rd4 24.Qh3 Bxg5 25.hxg5 Rd2 26.Rf2 Qd5 27.Rh1 Qf5 28.Qxf5 exf5 29.e4 Rxf2+
30.Kxf2 fxe4 31.fxe4 Rd8 32.Ke3 c4 33.Rh2 Rd3+ 34.Kf4 b5 35.e5 b4 36.e6 c3
37.bxc3 bxc3 38.Rf2 Rd2 39.Rf3 c2 40.Rc3 Kf8 41.Ke5 Re2+ 42.Kd6 Rd2+ 43.Ke5 Ke7
44.Rc7+ Kd8 45.Rc3  1/2-1/2

[Event "Leon"]
[Site "Leon"]
[Date "1990.??.??"]
[Round "3"]
[White "Magem Badals, Jorge"]
[Black "Illescas Cordoba, Miguel"]
[Result "1/2-1/2"]
[WhiteElo "2460"]
[BlackElo "2530"]

1.d4 Nf6 2.Nf3 e6 3.g3 d5 4.c4 Be7 5.Bg2 O-O 6.O-O c5 7.dxc5 Bxc5 8.a3 Nc6
9.b4 Bb6 10.Bb2 Qe7 11.Nbd2 Rd8 12.Qc2 e5 13.cxd5 Nxd5 14.b5 Nd4 15.Nxd4 exd4
16.Nb3 Bg4 17.Nxd4 Ne3 18.fxe3 Qxe3+ 19.Kh1 Bxd4 20.Bxd4 Rxd4 21.Bxb7 Re8
22.Bc6 Rc8 23.Rad1 Rxd1 24.Rxd1 Bxe2 25.Qf5 Rf8 26.Rd7 Bc4 27.Qf4 Qb3 28.Qf3 Qb2
29.a4  1/2-1/2

[Event "Lloyds Bank op"]
[Site "London"]
[Date "1990.??.??"]
[Round "?"]
[White "Suba, Mihai"]
[Black "Flear, Glenn C"]
[Result "1-0"]
[WhiteElo "2505"]
[BlackElo "2470"]

1.c4 e6 2.g3 d5 3.Bg2 Nf6 4.Nf3 Be7 5.d4 O-O 6.O-O dxc4 7.Qc2 a6 8.Qxc4 b5
9.Qc2 Bb7 10.Bd2 Be4 11.Qc1 Ra7 12.Be3 Nd5 13.Nc3 Nxc3 14.Qxc3 b4 15.Qb3 Bd5
16.Qc2 Nd7 17.Nd2 Bxg2 18.Kxg2 c5 19.dxc5 Bxc5 20.Bxc5 Rc7 21.Ne4 Nxc5 22.Rac1 Qa8
23.f3 Rfc8 24.Nxc5 Qa7 25.Rfd1 g6 26.Qa4 Rxc5 27.Rxc5 Qxc5 28.Qxa6 Qc2 29.Rd6 Kg7
30.b3 h6 31.Rd7 e5 32.Qd3 Qxa2 33.Qd5 Qxe2+ 34.Kh3  1-0

[Event "Lloyds Bank op"]
[Site "London"]
[Date "1990.??.??"]
[Round "?"]
[White "Kaidanov, Grigory S"]
[Black "Wells, Peter K"]
[Result "1/2-1/2"]
[WhiteElo "2500"]
[BlackElo "2410"]

1.d4 Nf6 2.c4 e6 3.g3 d5 4.Bg2 Be7 5.Nf3 O-O 6.O-O dxc4 7.Qc2 a6 8.a4 Bd7
9.Nbd2 Bc6 10.a5 b5 11.axb6 cxb6 12.Nxc4 Be4 13.Qd1 Nc6 14.Bg5 Nb4 15.Qd2 a5
16.Rfc1 Rc8 17.Ne1 Bxg2 18.Nxg2 Ne4 19.Bxe7 Nxd2 20.Bxd8 Nb3 21.Be7 Nxc1
22.Rxc1 Rfe8 23.Bg5 Na2 24.Rc2 b5 25.Nce3 f6 26.Bf4 e5 27.dxe5 g5 28.Rxc8 Rxc8
29.Nd5 Rd8 30.e4 gxf4 31.e6 fxg3 32.hxg3 Rd6 33.Ngf4 Nb4 34.Nxf6+ Kf8 35.Nxh7+ Ke7
36.Ng5 Nc6 37.Nd5+ Rxd5 38.exd5 Nb4 39.d6+ Kxd6 40.f4 Nd5 41.Kf2 a4 42.f5 b4
43.Nf7+ Kc7 44.Ng5 a3 45.bxa3 bxa3 46.e7 Nxe7 47.Ne6+ Kd6 48.Nd4 a2 49.Nc2 Nxf5
50.g4 Nd4 51.Na1 Kc5 52.g5 Kc4 53.g6 Nf5 54.Ke1 Kc3 55.Ke2 Kb2 56.Kd2 Kxa1
57.Kc2 Nd4+ 58.Kc1 Ne6  1/2-1/2